Medzinárodné zmluvné právo
Viedenský dohovor o zmluvnom práve - zásady a predmet úpravy. Medzinárodná zmluva - pojem, druhy a formy uzavretia. Subjekty medzinárodného zmluvného práva. Vykonávanie medzinárodných zmlúv - pacta sunt servanda.
Gespeichert in:
| 1. Verfasser: | |
|---|---|
| Format: | Buchkapitel |
| Sprache: | Slowakisch |
| Schlagworte: | |
| Tags: |
Keine Tags, Fügen Sie das erste Tag hinzu!
|
MARC
| LEADER | 00000naa a2200000 4500 | ||
|---|---|---|---|
| 001 | r045377 | ||
| 005 | 20230929120000.9 | ||
| 041 | 0 | |a slo | |
| 044 | |a SK | ||
| 245 | 1 | 0 | |a Medzinárodné zmluvné právo |c Peter Báňas |
| 520 | |a Viedenský dohovor o zmluvnom práve - zásady a predmet úpravy. Medzinárodná zmluva - pojem, druhy a formy uzavretia. Subjekty medzinárodného zmluvného práva. Vykonávanie medzinárodných zmlúv - pacta sunt servanda. | ||
| 610 | 2 | 0 | |a právo medzinárodné |
| 610 | 2 | 0 | |a právo zmluvné |
| 610 | 2 | 0 | |a zmluvy medzinárodné |
| 610 | 2 | 0 | |a Európska únia |
| 610 | 2 | 0 | |a Slovensko |
| 100 | 1 | |a Báňas, Peter | |